00665nam a2200217Ia 4500003000400000005001700004008004100021040001800062041000800080082002200088100002100110245008600131250001200217260004300229300002900272650004000301650003600341650003300377700001500410700002200425OSt20241111101734.0210716s1987 xx 000 0 und d cAIMIT LIBRARY aeng a005.134 21bBYER aByers, Robert A. aDbase programmer's utilities /cBy Robert A Byers ; Jeb Long and C Wayne Ratliff. a1st ed. aNew Delhi :bBPB Publications ;c1987. aviii,107p. ;bPBc25 cm. aAssembly modules for use with dbase aDOS Programs for use with dbase aDirerase erasing a directory aLong, Jeb. aRatliff, C Wayne.